000 00462cam a22001337a 4500
008 180718b2003 xxu||||| |||| 00| 0 eng d
020 _a8171883141
082 _aT19064x54 In2/2003 (R)
245 _aIndian economy documents yearbook 2003: reports, policy documents, discussion papers
_cby Academic Foundation
260 _aNew Delhi
_bThe Author
_c2003
300 _a268p.
650 _aIndia - Economic policy
650 _aIndia - Economic conditions - Yearbooks
999 _c401848
_d401848